Les noms de scène des actrices françaises - Statistiques

Statistiques générales
  • Ce quiz a été pris 117 fois
  • Le résultat moyen est 7 sur 15
Statistiques - réponses
Vraie identité Prénom et nom de scène % Correct
Catherine Dorléac (1943) Catherine Deneuve
92%
Sophie Maupu (1966) Sophie Marceau
79%
Meryem Célarié (1957) Clémentine Célarié
77%
Mireille Aigroz (1938-2017) Mireille Darc
69%
Simone Kaminker (1921-1985) Simone Signoret
66%
Béatrice Cabarrou (1964) Béatrice Dalle
64%
Sylvette Herry (1950) Miou-Miou
60%
Véronique Combouilhaud (1956) Véronique Genest
45%
Virginie Fernández (1976) Virginie Ledoyen
43%
Anne Bourguignon (1950-2019) Anémone
39%
Micheline Etevenon (1924-2014) Micheline Dax
36%
Léonie Bathiat (1898-1992) Arletty
24%
Emmanuelle Munos (1981) Clara Morgane
10%
Colette Dacheville (1932-2018) Stephane Audran
7%
Nicole Dreyfus (1932) Anouk Aimée
5%
Aucun quiz correspondant
Distribution des résultats
% des personnes avec chaque résultat
Percentile par nombre de réponses
Votre historique - résultats
Vous n’avez pas pris ce quiz